000 01209nam a22004097a 4500
001 BR2020000265
003 BR-BrBNA
005 20230928105510.0
007 ta
008 230509b bl.||||| |||| 00| 0 por d
020 _a978-85-7843-444-1
040 _aBR-BrBNA
_bpor
_cBiblioteca Nacional de Agricultura
041 _a(Por)
072 _aE14; E11; E80
090 _ E14 BR2020000265
100 1 _aTeixeira, S.S. (org.)
100 1 _aGaiger, L.I.G. (org.)
110 1 _aGrupo de Pesquisa em Economia Solidária e Cooperativa, São Leopoldo, RS (Brasil)
_95450
245 1 _aAs faces da economia solidária no Brasil
260 3 _aSão Leopoldo, RS (Brasil):
_c2014.
300 _a113 p.
500 _a88 illus.
650 _aECONOMIA RURAL
650 _aECONOMIA AGRÍCOLA
650 _aSOCIOLOGIA RURAL
650 _aCOMUNIDADE RURAL
650 _aASSOCIAÇÃO RURAL
650 _aCOOPERATIVA DE PRODUTORES
650 _aINDÚSTRIA CASEIRA
650 _aARTESANATO
650 _aDESENVOLVIMENTO SÓCIO-ECONÔMICO
650 _aPEQUENO PRODUTOR
650 _aTRABALHADOR RURAL
650 _aAGRICULTURA FAMILIAR
909 _a202309
_bLucia
_c55
_dLucia Elande
942 _cBK
999 _c85401
_d85401